00245nam a2200097Ia 4500008004000000082001300040100001300053245003800066260003500104300000800139210210b1972 xxu||||| |||| 00| 0 eng d a427 WEBS aWEBSTER. aWEBSTER HANDY college dictionary. aNYbNew American Libraryc1972 a574